Detalles MARC
| 000 -CABECERA |
| campo de control de longitud fija |
01383nam a2200253 a 4500 |
| 001 - NÚMERO DE CONTROL |
| campo de control |
000028820 |
| 005 - FECHA Y HORA DE LA ÚLTIMA TRANSACCIÓN |
| campo de control |
20200930055146.0 |
| 008 - DATOS DE LONGITUD FIJA--INFORMACIÓN GENERAL |
| campo de control de longitud fija |
110412s2010 dr c 000 p spa d |
| 020 ## - NÚMERO INTERNACIONAL ESTÁNDAR DEL LIBRO |
| Número Internacional Estándar del Libro |
9789945003260 |
| 040 ## - FUENTE DE LA CATALOGACIÓN |
| Centro catalogador/agencia de origen |
DO-SdBNP |
| Lengua de catalogación |
spa |
| Centro/agencia transcriptor |
BNPHU |
| 082 ## - NÚMERO DE LA CLASIFICACIÓN DECIMAL DEWEY |
| Número de clasificación |
xxxx |
| Número de documento/Ítem |
Q3c |
| 049 ## - FONDOS LOCALES (OCLC) |
| Fondos de biblioteca |
BNPD |
| 245 00 - MENCIÓN DE TÍTULO |
| Título |
¿Que no cesen rumores? : |
| Resto del título |
[antología poética] / |
| Mención de responsabilidad, etc. |
edición, introducción y notas Rei Berroa. |
| 260 ## - PUBLICACIÓN, DISTRIBUCIÓN, ETC. |
| Lugar de publicación, distribución, etc. |
Santo Domingo : |
| Nombre del editor, distribuidor, etc. |
Teatro Luna, |
| Fecha de publicación, distribución, etc. |
2010. |
| 300 ## - DESCRIPCIÓN FÍSICA |
| Extensión |
246 p. : |
| Otras características físicas |
retrs. ; |
| Dimensiones |
21 cm. |
| 490 1# - MENCIÓN DE SERIE |
| Mención de serie |
Libros de la luna |
| Designación de volumen o secuencia |
5 |
| 500 ## - NOTA GENERAL |
| Nota general |
Incluye poemas leídos en el XVIII Maratón de Poesía del Teatro de la Luna en la Biblioteca del Congreso de Washington, DC y en la Casa de la Luna de Washington, DC del 4 al 6 de junio de 2010. |
| 500 ## - NOTA GENERAL |
| Nota general |
Incluye notas al pie de las páginas. |
| 505 2# - NOTA DE CONTENIDO CON FORMATO |
| Nota de contenido con formato |
Reconocimiento -- Rei Berroa -- Armando Romero -- Fernando Cabrera (Santiago, República Dominicana, 1964) -- Raúl Castillo Soto (San Juan , Puerto Rico) -- Tina Escasa (Zamora, España, 1965) -- Leticia Herrera (Monterrey, Mexico, 1960) --Zulema Moret (Buenos Aires, argentina, 1950) -- Aida Toledo (Guatemala) -- Miriam Ventura (República Dominicana, 1957). |
| 700 12 - PUNTO DE ACCESO ADICIONAL--NOMBRE DE PERSONA |
| Nombre de persona |
Berroa, Rei, |
| Fechas asociadas al nombre |
1949- |
| Término indicativo de función/relación |
ed., introd. |
| 9 (RLIN) |
160 |
| 710 22 - PUNTO DE ACCESO ADICIONAL--NOMBRE DE ENTIDAD CORPORATIVA |
| Nombre de entidad corporativa o nombre de jurisdicción como elemento de entrada |
Biblioteca del Congreso de Washington, DC |
| 9 (RLIN) |
55800 |
| 710 22 - PUNTO DE ACCESO ADICIONAL--NOMBRE DE ENTIDAD CORPORATIVA |
| Nombre de entidad corporativa o nombre de jurisdicción como elemento de entrada |
Casa de la Luna de Washington, DC |
| 9 (RLIN) |
55801 |
| 830 #0 - PUNTO DE ACCESO ADICIONAL DE SERIE-TÍTULO UNIFORME |
| Título uniforme |
Libros de la luna |
| Designación de volumen o secuencia |
5 |
| 9 (RLIN) |
10156 |